书目信息 |
| 题名: |
经济数学基础
|
|
| 作者: | 吴红 , 滕加俊 编著 | |
| 分册: | ||
| 出版信息: | 西安 陕西师范大学出版社 2005.03 |
|
| 页数: | 580页 | |
| 开本: | 21cm | |
| 丛书名: | 高等学校经典教材配套辅导丛书 | |
| 单 册: | ||
| 中图分类: | F224.0 | |
| 科图分类: | ||
| 主题词: | 微积分--wei ji fen--高等学校--教学参考资料 , 经济数学--jing ji shu xue--高等学校--教学参考资料 | |
| 电子资源: | ||
| ISBN: | 7-5613-3260-2 | |
| 000 | 01226nam 2200289 450 | |
| 001 | 010232231422 | |
| 005 | 20051118114134.38 | |
| 010 | @a7-5613-3260-2@dCNY21.80 | |
| 100 | @a20050606d2005 km y0chiy0120 ea | |
| 101 | 0 | @achi |
| 102 | @aCN@b610000 | |
| 105 | @aa z 000yy | |
| 200 | 1 | @a经济数学基础@Ajing ji shu xue ji chu@e微积分辅导及习题精解@f吴红, 滕加俊编著@Fwu hong,teng jia jun bian zhu |
| 210 | @a西安@c陕西师范大学出版社@d2005.03 | |
| 215 | @a580页@c图@d21cm | |
| 225 | 2 | @a高等学校经典教材配套辅导丛书@Agao deng xue xiao jing dian jiao cai pei tao fu dao cong shu |
| 300 | @a本书根据赵树源编写的经济应用数学基础(一)-《微积分》人大修订版编写 | |
| 330 | @a本书介绍了九部分内容:函数、极限与连续、导数与微分、中值定理、导数的应用、不定积分、定积分、无穷级数、多元函数、微分方程与差分方程简介。 | |
| 410 | 0 | @12001 @a高等学校经典教材配套辅导丛书 |
| 517 | 1 | @a微积分辅导及习题精解@Awei ji fen fu dao ji xi ti jing jie |
| 606 | 0 | @a微积分@Awei ji fen@x高等学校@x教学参考资料 |
| 606 | 0 | @a经济数学@Ajing ji shu xue@x高等学校@x教学参考资料 |
| 690 | @aF224.0@v4 | |
| 701 | 0 | @a吴红@Awu hong@4编著 |
| 701 | 0 | @a滕加俊@Ateng jia jun@4编著 |
| 801 | 0 | @aCN@bQSSK@c20051118 |
| 905 | @a10447@dF224.0@eW792 | |
| 经济数学基础:微积分辅导及习题精解/吴红, 滕加俊编著.-西安:陕西师范大学出版社,2005.03 |
| 580页:图;21cm.-(高等学校经典教材配套辅导丛书) |
| 本书根据赵树源编写的经济应用数学基础(一)-《微积分》人大修订版编写 |
| ISBN 7-5613-3260-2:CNY21.80 |
| 本书介绍了九部分内容:函数、极限与连续、导数与微分、中值定理、导数的应用、不定积分、定积分、无穷级数、多元函数、微分方程与差分方程简介。 |
| ● |
| 相关链接 |
|
|
|
正题名:经济数学基础
索取号:F224.0/W792
 
预约/预借
| 序号 | 登录号 | 条形码 | 馆藏地/架位号 | 状态 | 备注 |
| 1 | 578140 | 205781402 | 社科库409/409社科库 72排4列2层/ [索取号:F224.0/W792] | 在馆 | |
| 2 | 578141 | 205781411 | 社科库409/409社科库 73排1列3层/ [索取号:F224.0/W792] | 在馆 | |
| 3 | 578142 | 205781420 | 社科库409/409社科库 73排1列3层/ [索取号:F224.0/W792] | 在馆 |